| Registos Bibliográficos associados ao registo de autoridade |
|
Etiqueta de registo: 00254nam 2200025 450 001 1951540 003 http://id.bnportugal.gov.pt/bib/catbnp/1951540 100 ## $a20161223d1744 m y0pory01030103ba 101 0# $alat 102 ## $aIT 105 ## $ay z 001yy 106 ## $ar 200 1# $aSpecimen philosophiñ moralis expressum in Prñstantioribus Legibus, & Virtutibus Gentilium
Grñcorum, ac Latinorum a D. Ludovico Andruzzi... 210 #9 $aRomae$ctypis Antonii de Rubeis in via Seminarii Romani propè Rotundam,$d1744 215 ## $a[16], 256, [10] p.$d4º (22 cm) 305 ## $aNa p. de tít.: Superiorum facultate 316 ## $aExemplar com marcas de acção de insectos não afectando o texto$aEncadernação da época em pergaminho sem atilhos$5PTBN: S.A. 1110 V. 620 ## $dRoma 700 #1 $aAndruzzi,$bLuigi,$f1684-1757$31666542 702 #1 $aDe Rossi,$bAntonio,$ffl. 1695-1755$4610$350393 801 #0 $aPT$bBN$gRPC 966 ## $lBN$mFGMON$sS.A. 1110 V. 997 ## $aBIBEOD
Etiqueta de registo: 00254nam 2200025 450 001 2287146 003 http://id.bnportugal.gov.pt/bib/catbnp/2287146 100 ## $a20260528d1731 m y0pory01030103ba 101 0# $alat 102 ## $aIT 105 ## $ay z 000yy 106 ## $ar 200 1# $aOratio panegyrica de Diuo Andrea Corsino Eminentissimo, ac Reverendissimo Principi
S. R. E. Cardinali Nerio Corsino a Ludouico Andruzzi Santandrea dicata 210 #9 $aRomae$ctypis Antonii de Rubeis,$d1731 215 ## $a44, [4.] p.$d4º (22 cm) 307 ## $aPrimeiras 8 p. inumeradas 307 ## $aAssin.: A-F//4 316 ## $aMau estado. - Enc. em pergaminho$5PTBN: R. 1904//2 P. 321 ## $aICCU IT\ICCU\RMSE\059508 620 ## $dRoma 700 #1 $aAndruzzi,$bLuigi,$f1684-1757$31666542 702 #1 $aDe Rossi,$bAntonio,$ffl. 1695-1755$4610$350393 801 #0 $aPT$bBN$gRPC 856 40 $2Cópia digital disponível em Google Books$uhttps://books.google.pt/books?id=IAkdMbKZR3MC&hl=pt-PT&pg=PA1#v=onepage&q&f=false 966 ## $lBN$mFGMON$sR. 1904//2 P. 971 ## $cpmesqui$d20260528 997 ## $aBIBEOD
Etiqueta de registo: 00254nam 2200025 450 001 2287137 003 http://id.bnportugal.gov.pt/bib/catbnp/2287137 100 ## $a20260528d1731 m y0pory01030103ba 101 0# $alat 102 ## $aIT 105 ## $ay z 000yy 106 ## $ar 200 1# $aStatera veritatis Emin.mo, ac Rev.mo Principi S. R. E. Cardinali Francisco Barberino
a Ludouico Andruzzi Santandrea dicata 210 #9 $aRomae$cex typographia Antonii de Rubeis è Foro Rotundae, in via ad Seminarium Romanum,$d1731 215 ## $a210, [2 br.] p.$d4º (22 cm) 307 ## $aPrimeiras 20 p. inumeradas 307 ## $aAssin.: A-Z//4, Aa-Bb//4, Cc//6 316 ## $aMau estado. - Enc. em pergaminho$5PTBN: R. 1904//1 P. 321 ## $aICCU IT\ICCU\RMLE\020231 620 ## $dRoma 700 #1 $aAndruzzi,$bLuigi,$f1684-1757$31666542 702 #1 $aDe Rossi,$bAntonio,$ffl. 1695-1755$4610$350393 801 #0 $aPT$bBN$gRPC 966 ## $lBN$mFGMON$sR. 1904//1 P. 971 ## $cpmesqui$d20260528 997 ## $aBIBEOD
|
|
|